Chapter 4: Human Capital and Development

Kapitola 4 skúma ľudský kapitál a jeho kľúčovú úlohu pri formovaní ekonomického rozvoja. Zdôrazňuje dôležitosť alokácie zdrojov vo vzdelávaní a poukazuje na to, ako finančné investície významne ovplyvňujú kvalitu vzdelávania. Použité príklady poskytujú jasnú súvislosť medzi financovaním vzdelávania...

Ausführliche Beschreibung

Gespeichert in:
Bibliographische Detailangaben
1. Verfasser: Čaplánová, Anetta, 1967-
Format: Buchkapitel
Sprache:Englisch
Schlagworte:
Tags: Tag hinzufügen
Keine Tags, Fügen Sie das erste Tag hinzu!

MARC

LEADER 00000naa$a2200000$$$4500
001 0304206
005 20241007081902.9
041 0 |a eng 
044 |a HU 
245 1 0 |a Chapter 4: Human Capital and Development  |c Anetta Čaplánová 
520 |a Kapitola 4 skúma ľudský kapitál a jeho kľúčovú úlohu pri formovaní ekonomického rozvoja. Zdôrazňuje dôležitosť alokácie zdrojov vo vzdelávaní a poukazuje na to, ako finančné investície významne ovplyvňujú kvalitu vzdelávania. Použité príklady poskytujú jasnú súvislosť medzi financovaním vzdelávania a výsledkami študentov. Kapitola tiež pojednáva o tom, ako je odborná príprava pedagógov kľúčová pre zlepšenie výsledkov vyučovania a učenia sa, čoho dôkazom sú investície Fínska do rozvoja učiteľov, ktoré viedli k pozoruhodným výsledkom. 
610 2 0 |a rozvoj hospodársky 
610 2 0 |a vzdelávanie 
610 2 0 |a pedagógovia 
610 2 0 |a príprava odborná 
610 2 0 |a Fínsko 
100 1 |a Čaplánová, Anetta, 1967-